[Event "RUS-ch Youth U21 Boys 2017"]
[Site "Loo"]
[Date "2017.04.26"]
[Round "7"]
[White "Kozionov, Kirill"]
[Black "Khegay, Dmitriy"]
[Result "1/2-1/2"]
[WhiteElo "2440"]
[BlackElo "2477"]
[Annotator "TA"]
[PlyCount "156"]
[EventDate "2017.??.??"]
[EventType "tourn"]
[EventCountry "RUS"]
[SourceTitle "playchess.com"]
[Source "ChessBase"]
[SourceQuality "1"]

{[%evp 9,156,19,39,14,33,31,53,33,45,41,63,12,14,22,8,0,19,0,19,12,5,2,9,9,0,0,56,65,65,60,56,56,56,57,57,57,57,57,54,53,62,50,47,32,29,33,39,26,37,33,37,0,0,0,0,0,0,0,0,0,0,0,0,0,0,0,0,0,0,0,0,0,0,0,0,0,0,0,0,0,0,0,15,8,21,22,87,100,138,0,0,0,0,0,0,0,0,0,0,0,0,0,0,0,0,0,0,0,0,0,0,0,0,0,0,0,0,0,0,0,0,0,0,0,0,0,0,0,0,0,0,0,0,0,0,0,0,0,0,0,0,0,0,0,0,0,0,0,0]} 1. e4 g6 2. d4 d6 3. Bc4 Nf6 4. Qe2 {B06: Modern Defence} Nc6 5. Nf3 Bg4 {LiveBook: 9 Games} 6. Bb5 {White is slightly better.} a6 (6... Bg7 $5 {with more complications.} 7. c3 a6 8. Ba4 b5 9. Bc2 e5) 7. Bxc6+ bxc6 8. Nbd2 Bg7 9. h3 Bc8 10. Nb3 $146 (10. O-O $14) (10. e5 Nd5 11. Ne4 a5 {1-0 (31) Vallejo Pons,F (2650)-Borzakian,M (2194) Paris 2008}) 10... a5 $11 11. a4 Be6 12. Ra3 {[%cal Ba1a3,Ba3b3,Bb3b5][%mdl 32]} O-O 13. Bd2 Bxb3 (13... c5 $5 {is more complex.} 14. dxc5 Nd7 15. cxd6 exd6 16. Nbd4 Re8) 14. Rxb3 Nd7 15. O-O c5 16. d5 Nb6 17. Ra1 c4 ({Black should play} 17... Qd7 $11) 18. Rb5 $14 Qd7 19. Ra2 Nxa4 20. Qxc4 Nb6 21. Qd3 a4 22. c4 Rfb8 23. Nd4 Bxd4 24. Qxd4 c5 25. Qd3 Nc8 26. Rxb8 Rxb8 27. Bc3 Nb6 28. Ra1 Qc8 29. g4 e5 30. f4 exf4 31. e5 Qd7 32. Re1 Re8 33. Ba5 Nc8 34. e6 fxe6 35. dxe6 Rxe6 36. Qd5 Kf7 37. Rf1 Ne7 38. Rxf4+ Kg8 39. Qf3 Qe8 40. Bc3 {Threatening Rf6.} Nc8 41. Qb7 $40 {[%csl Gc3][%cal Rb7g7][%mdl 128] [#] White has some attack.} Re7 42. Re4 Qf8 (42... Rxb7 $2 {loses.} 43. Rxe8+ Kf7 44. Rxc8 $18) 43. Rxe7 Nxe7 44. Qd7 Kf7 45. Qxd6 Qc8 46. Qf6+ Ke8 47. Be5 Qc6 (47... Ng8 $11 48. Qd6 Qd7) 48. Bd6 $16 {[%csl Gd6][%cal Rf6e7]} Nc8 {[#]} 49. Qf8+ (49. Qe5+ $1 $16 Kd7 50. Bxc5) 49... Kd7 $11 {The position is equal.} 50. Bxc5 {Qg7+ is the strong threat.} Qe4 51. Qf7+ Kc6 52. Bf2 Nd6 53. Qa7 Qxc4 54. Qa8+ Kd7 55. Qa7+ Kc6 56. Qa8+ Kd7 57. Qa7+ Ke6 58. Qxh7 Qc1+ 59. Kg2 Qxb2 60. Qxg6+ Kd7 61. Qh7+ Kc6 62. Qa7 a3 {White must now prevent ...a2.} 63. Qa8+ Kd7 64. Qa7+ Ke6 {aiming for ...a2.} 65. Qe3+ Kd7 66. Qa7+ Ke8 {Hoping for ...a2.} 67. Qd4 Nb5 68. Qe4+ Kd7 69. Qf5+ Kc7 70. Qc5+ Kb7 71. Qd5+ Kc8 72. Qe6+ Kc7 {White should prevent ...Nd6.} 73. Qe7+ Kc6 {Threatens to win with ...Nd6.} 74. Qe4+ Kd7 75. Qf5+ Kc6 76. Qe4+ Kc7 77. Qe7+ Kc8 78. Qe6+ Kb7 1/2-1/2

[Event "RUS-ch Youth U21 Boys 2017"]
[Site "Loo"]
[Date "2017.04.26"]
[Round "7"]
[White "Faizrakhmanov, Ramil"]
[Black "Paravyan, David"]
[Result "1/2-1/2"]
[WhiteElo "2436"]
[BlackElo "2534"]
[Annotator "TA"]
[PlyCount "144"]
[EventDate "2017.??.??"]
[EventType "tourn"]
[EventCountry "RUS"]
[SourceTitle "playchess.com"]
[Source "ChessBase"]
[SourceQuality "1"]

{[%evp 17,144,37,40,39,30,42,44,13,20,13,33,1,0,0,59,21,40,31,120,126,177,175,164,133,192,183,287,267,282,267,247,231,282,206,184,207,241,64,76,21,18,0,0,0,0,0,0,0,0,0,0,-6,-4,-4,0,0,0,0,0,0,0,0,0,0,0,0,0,0,0,0,5,0,0,0,0,0,0,0,0,0,0,0,0,0,0,0,0,0,0,0,0,0,0,0,0,0,0,0,0,0,0,0,0,0,0,0,0,0,0,0,0,0,0,0,0,0,0,0,0,0,0,0,0,0,0,0,0,0,0]} 1. d4 f5 2. g3 Nf6 3. Bg2 g6 4. Nf3 Bg7 5. O-O O-O 6. c4 d6 7. Nc3 c6 8. Qb3 Kh8 9. Rd1 {A88: Dutch Defence: Leningrad System: 5 Nf3 0-0 6 0-0 d6 7 Nc3 c6} Na6 {LiveBook: 38 Games} 10. Bd2 (10. Qa3 Nc7 11. d5 Bd7 12. dxc6 Bxc6 13. Be3 b6 14. Rac1 Qe8 15. b4 Ng4 16. Bd2 Ne5 17. Nxe5 Bxe5 {½-½ (57) Bacrot,E (2702)-Svidler,P (2762) Porto Vecchio 2016}) 10... Rb8 11. Rac1 $146 {White has an edge.} (11. Ne1 Qe8 12. Nd3 Nh5 13. d5 cxd5 14. cxd5 b5 15. Be3 b4 16. Nb1 Bd7 {1-0 (42) Poesson,T (2170)-Hodot,Y (2140) France 1998}) 11... Nc7 12. d5 c5 13. a4 Bd7 14. e4 fxe4 15. Ng5 Qe8 (15... e3 $11 16. Bxe3 Ng4) 16. Ra1 a6 17. a5 $36 {[%mdl 2048] White has good play.} (17. Bxe4 h6 18. Qc2 hxg5 $17) 17... e6 ({Black should try} 17... e3 $14 18. Bxe3 Ng4) 18. Qb6 $16 (18. Ngxe4 Nxe4 19. Nxe4 (19. Bxe4 exd5 20. Bxd5 Qe5 $11) 19... exd5 20. Nxd6 (20. cxd5 Nb5 $11) 20... Qd8 $14) 18... Qd8 (18... Ncxd5 $16 {was worth a try.} 19. cxd5 exd5) 19. Qxd6 $18 exd5 20. Bf4 (20. Qxc5 h6 21. Nh3 (21. cxd5 hxg5 22. Bxg5 Nb5 $17) (21. Bf4 Rc8 22. Bd6 hxg5 $15) 21... g5 $15) (20. Nxd5 Nfxd5 21. Nxe4 (21. cxd5 Nb5 22. Qb6 Bxb2 $11) 21... Bg4 22. cxd5 Qxd6 23. Nxd6 Bxd1 24. Rxd1 Bxb2 $11) 20... Rc8 (20... h6 $16 {keeps fighting.}) 21. cxd5 (21. Nxd5 Nfxd5 22. cxd5 Nb5 $15) 21... Qe8 (21... h6 {was necessary.}) 22. Ngxe4 ({Much less strong is} 22. Ncxe4 $6 Nxe4 23. Nxe4 (23. Bxe4 Bxb2 24. Rab1 Nb5 $16) 23... Bxb2 $18) 22... Nxe4 23. Nxe4 ({Less strong is} 23. Bxe4 Nb5 24. Nxb5 Bxb5 $16) 23... Nb5 24. Qb6 c4 25. Nd6 Nxd6 26. Bxd6 Rf6 {[#]} 27. Re1 $2 (27. Qb4 $1 $18) 27... Qf7 $1 $14 28. Rac1 (28. Re2 $16 Bb5 29. Re4) 28... Kg8 $1 $11 {The position is equal.} 29. Re6 Bxe6 30. dxe6 Rxe6 31. Bd5 {[#]} Re1+ $1 {[%mdl 512]} 32. Rxe1 Qxd5 33. Ba3 Bd4 34. Qe6+ (34. Qb4 $5 {feels hotter.} c3 35. bxc3 Bxc3 36. Qg4 Rd8 37. Rc1) 34... Qxe6 35. Rxe6 Bc5 (35... Rc7 $5 {seems wilder.} 36. Rd6 Be5 37. Rd5 Bf6 38. Kf1 Kf7) 36. Bxc5 Rxc5 {[%mdl 4096] Endgame KR-KR} 37. Re7 Rb5 38. Rc7 Rb4 39. h4 h5 40. Kg2 Kf8 41. Kf3 Ke8 42. Ke3 Rb3+ 43. Kf4 {next Kg5 is good for White.} Rxb2 44. Rxc4 Rxf2+ 45. Kg5 Rf5+ 46. Kxg6 Rxa5 47. g4 hxg4 48. h5 g3 49. h6 {Intending h7 and mate.} Ra1 50. h7 Rh1 51. Rg4 Rh3 52. Kg7 b5 53. h8=Q+ Rxh8 54. Kxh8 {KR-K3P} Kd7 55. Kg7 a5 56. Kf6 Kd6 57. Kf5 Kd5 58. Kf4 {And now Ke3 would win.} a4 59. Rxg3 {KR-KPP} Kd4 60. Kf3 (60. Ra3 $5 {looks sharper.} b4 61. Rxa4 Kc3 62. Ra7 b3 63. Rc7+) 60... Kd3 61. Kf2+ Kc2 62. Ke1 b4 63. Rg2+ Kc1 {Hoping for ...b3.} 64. Rg4 {Threatening mate with Rc4+.} a3 {aiming for ...b3.} 65. Rc4+ Kb2 {...b3 is the strong threat.} 66. Rxb4+ {KR-KP} Kc3 67. Ra4 Kb2 68. Kd2 {White threatens Rb4+ and mate.} a2 69. Rb4+ Ka3 70. Rb8 {White wants to mate with Kc2.} a1=Q 71. Ra8+ Kb2 72. Rxa1 Kxa1 1/2-1/2

[Event "RUS-ch Youth U21 Boys 2017"]
[Site "Loo"]
[Date "2017.04.27"]
[Round "8"]
[White "Paravyan, David"]
[Black "Yuffa, Daniil"]
[Result "1/2-1/2"]
[WhiteElo "2534"]
[BlackElo "2521"]
[Annotator "TA"]
[PlyCount "109"]
[EventDate "2017.??.??"]
[EventType "tourn"]
[EventCountry "RUS"]
[SourceTitle "playchess.com"]
[Source "ChessBase"]
[SourceQuality "1"]

{[%evp 23,109,11,20,22,106,101,193,212,202,193,193,195,214,55,64,53,83,85,100,129,99,72,184,180,202,166,220,199,228,130,143,148,131,110,131,116,172,178,169,167,221,209,200,112,101,79,156,79,80,80,80,80,80,80,80,63,80,80,80,14,14,0,0,0,0,0,0,0,0,0,0,0,0,0,0,0,0,0,0,0,0,0,0,0,0,0,0,0]} 1. d4 d5 2. c4 c6 3. Nc3 Nf6 4. e3 e6 5. Nf3 Nbd7 6. Bd3 dxc4 7. Bxc4 b5 8. Bd3 a6 9. e4 c5 10. d5 c4 11. dxe6 fxe6 12. Bc2 Qc7 13. O-O {[#] D48: Semi-Slav: Meran System: 7...b5 8 Bd3 a6} Bb4 $146 (13... Bb7 $11) ({Predecessor (53):} 13... Bb7 14. Ng5 Nc5 15. e5 Qxe5 16. Re1 Qd6 17. Qxd6 Bxd6 18. Be3 O-O 19. Rad1 Be7 20. Bxc5 Bxc5 21. Nxe6 Rfc8 22. h3 Rab8 23. Nxc5 Rxc5 24. Rd6 Rc6 25. Rd4 Re8 26. Rxe8+ Nxe8 27. Ne4 {½-½ (40) Sargissian,G (2642)-Iotov,V (2532) Kallithea 2008}) 14. a4 $16 Rb8 (14... O-O $16) 15. axb5 $18 {White is clearly better.} axb5 16. Nd4 Bxc3 17. bxc3 Nc5 18. Rb1 $2 ({Only move:} 18. e5 $1 $18 {[%cal Re5f6]} Nd5 19. Qh5+ Qf7 20. Qh4) 18... Bd7 $14 19. f4 {[%cal Bf2f4,Bf4f5][%mdl 32]} Ncxe4 20. Qe1 Nc5 21. f5 $1 $36 {[%mdl 2048] Black is under strong pressure.} e5 {And now ...0-0 would win.} 22. Bf4 $1 {[%cal Rf4e5]} Nce4 (22... Ng4 $16) 23. Bxe4 $18 exf4 24. Bd5+ $1 Kf8 (24... Kd8 {might work better.} 25. Be6 Re8) 25. Be6 $1 (25. Qe6 Bxe6 26. Nxe6+ Ke8 27. Nxc7+ Kd7 $11) 25... Re8 26. Qc1 (26. Qf2 $18) 26... g5 $16 (26... Qc5 $2 27. Qxf4 Qe7 28. Nxb5 Bxb5 29. Rxb5 $18) 27. Qa3+ Kg7 28. Bxd7 (28. Nxb5 Bxb5 29. Rxb5 Re7 $14) 28... Qxd7 29. Ne6+ (29. Nxb5 $6 Ra8 30. Qc5 Rac8 $14) 29... Rxe6 (29... Kh6 $16 {was called for.}) 30. fxe6 $18 Qxe6 {[#]} 31. Qc5 $1 {[%cal Rc5g5]} (31. Rxb5 h6 $16) 31... h6 {[#]} (31... Kg6 $142) 32. Rfe1 $1 {[%cal Re1e6][%mdl 1024] White has strong compensation.} (32. Qxb5 Re8 $16) (32. Rxb5 $6 Rd8 $16) 32... Qd5 33. Qe7+ ({Don't take} 33. Qxb5 $6 Ra8 $16) ({Better is} 33. Rxb5 $18 Qxc5+ 34. Rxc5) 33... Kg6 $16 34. Rbd1 Qf7 (34... Qf5 $142) 35. Qc5 (35. Rd6 $142 Qxe7 36. Rxe7) 35... Re8 36. Qxb5 Rxe1+ 37. Rxe1 {[%mdl 4096] Endgame KQR-KQN} Qd5 38. Qb1+ Qf5 39. Qd1 Nd5 40. Qf3 Qd3 41. Re6+ (41. Qe4+ $16 Qxe4 42. Rxe4) 41... Kf5 $1 $11 {[%cal Rf5e6] The position is equal.} 42. Rxh6 {Black must now prevent Rc6.} Nxc3 43. Rc6 Qb1+ (43... Ne2+ $5 44. Kf2 $8 Qd4+ 45. Kf1 (45. Kxe2 g4 46. Qa3 Qe4+ 47. Kf1 Qxc6 48. Qf8+ Ke4 49. Qe7+ Kd3 50. Qe2+ Kc3 51. Qe1+ Kc2 52. Qe2+ Kc3 53. Qe1+ Kc2 54. Qe2+ Kc3 $17) 45... Qd1+ 46. Kf2 Qd4+ 47. Kf1 (47. Kxe2 g4 48. Qa3 Qe4+ 49. Kf1 Qxc6 50. Qf8+ Ke4 51. Qe7+ Kd3 52. Qe2+ Kc3 53. Qe1+ Kc2 54. Qe2+ Kb3 55. Qd1+ Kb4 56. Qb1+ Kc5 57. Qf5+ Qd5 58. Qf8+ Kb5 59. Qb8+ Ka4 60. Qxf4 Kb3 61. Qxg4 c3 $19) 47... Qd1+ 48. Kf2 Qd4+ $11) 44. Qf1 Ne2+ 45. Kf2 Qe4 $1 {[%cal Re4e3]} 46. Rc5+ Kg6 {[#] ( -> ...Qe3+)} 47. Rxg5+ $1 {[%mdl 512]} Kxg5 48. Qxe2 {KQ-KQ} Qd4+ 49. Kf3 Qd5+ 50. Qe4 Qd1+ 51. Kf2 Qd2+ 52. Kf3 {Qe5+ is the strong threat.} Qc3+ 53. Ke2 Qb2+ 54. Kf3 Qa3+ 55. Ke2 1/2-1/2

[Event "RUS-ch Youth U21 Boys 2017"]
[Site "Loo"]
[Date "2017.04.27"]
[Round "8"]
[White "Esipenko, Andrey"]
[Black "Kozionov, Kirill"]
[Result "1/2-1/2"]
[WhiteElo "2492"]
[BlackElo "2440"]
[Annotator "TA"]
[PlyCount "90"]
[EventDate "2017.??.??"]
[EventType "tourn"]
[EventCountry "RUS"]
[SourceTitle "playchess.com"]
[Source "ChessBase"]
[SourceQuality "1"]

{[%evp 18,90,50,41,42,47,54,44,54,47,75,77,70,79,53,41,69,56,77,51,125,31,58,35,51,25,69,18,20,7,19,0,0,0,0,-1,10,8,15,13,17,8,14,10,26,17,47,26,33,13,14,11,50,43,60,68,62,33,47,0,0,0,30,8,47,12,5,8,18,12,13,8,8,8,8]} 1. d4 d5 2. c4 dxc4 3. Nf3 Nf6 4. e3 e6 5. Bxc4 a6 6. Qe2 c5 7. dxc5 Bxc5 8. O-O Nc6 9. a3 Qc7 10. Nbd2 Bd6 {D28: Queen's Gambit Accepted: Classical main line: 7 Qe2 with early ...Nc6} 11. b4 b5 $146 (11... Ne5 12. Bb2 O-O 13. Bxe5 Bxe5 14. Rac1 Qb8 15. Nxe5 Qxe5 16. Nf3 Qb8 17. e4 {½-½ (33) Maksimenko,A (2545)-Kharlov,A (2605) Niksic 1996}) 12. Bb3 Bb7 {White is slightly better.} 13. Bb2 Ne5 14. Rac1 Qb8 15. Nd4 Ng6 16. h3 Ne7 17. Bc2 O-O 18. N4b3 Bh2+ 19. Kh1 {[#] aiming for f4.} Be5 20. Bxe5 Qxe5 21. Na5 (21. e4 $5 {is more complex.} Qf4 22. Nc5 Bc6 23. g3 Qc7 24. Ndb3) 21... Rab8 22. Nxb7 ({White should play} 22. Ndb3 $14) 22... Rxb7 $11 23. Nf3 Qb8 24. Bd3 Rc8 25. Qb2 Rbc7 26. Nd4 Rxc1 27. Rxc1 Rxc1+ 28. Qxc1 Qd6 29. Qc2 g6 30. Nb3 Nfd5 31. Nc5 Nc7 32. Qc3 Ned5 33. Qd4 (33. Qc1 $5 {looks sharper.} Nb6 34. Be2 Qd5 35. Bf3 Qd8 36. Kg1) 33... e5 (33... a5 $5 {feels hotter.} 34. Be2 Qe7 35. e4 axb4 36. axb4 Qf6) 34. Qb2 Nb6 35. Qc2 Nd7 36. Ne4 Qb6 $1 37. Qc3 Kf8 38. Nc5 Nxc5 39. bxc5 ({But not} 39. Qxc5+ Qxc5 40. bxc5 Ne6 $17) 39... Qe6 40. Qa5 $36 {[%mdl 2048] Black is under pressure.} Qd7 41. Be4 Ne6 $1 {The position is equal.} 42. Qb6 Qc7 43. Qxa6 {Black should prevent c6.} Qxc5 44. Bc6 b4 $1 {[%cal Rb4a3]} 45. axb4 Qxb4 1/2-1/2

[Event "RUS-ch Youth U21 Boys 2017"]
[Site "Loo"]
[Date "2017.04.27"]
[Round "8"]
[White "Lomasov, Semen"]
[Black "Faizrakhmanov, Ramil"]
[Result "1-0"]
[WhiteElo "2489"]
[BlackElo "2436"]
[Annotator "TA"]
[PlyCount "133"]
[EventDate "2017.??.??"]
[EventType "tourn"]
[EventCountry "RUS"]
[SourceTitle "playchess.com"]
[Source "ChessBase"]
[SourceQuality "1"]

{[%evp 11,133,12,18,-2,15,22,23,22,19,12,17,17,14,0,0,-20,0,-3,-13,-17,0,-5,0,-22,25,21,20,14,17,14,50,0,0,0,13,0,7,0,14,7,21,0,10,7,57,0,0,0,0,0,0,0,0,-9,0,0,0,0,0,0,0,0,0,0,0,0,46,61,114,110,186,182,176,182,211,173,177,175,177,169,274,256,250,270,233,253,311,316,511,496,505,465,493,448,435,439,29986,408,452,372,410,325,335,334,335,328,313,316,401,318,788,785,762,755,645,626,1134,1099,950,639,29979,29980,29980,29981]} 1. e4 c6 2. d4 d5 3. e5 Bf5 4. h4 h5 5. Bd3 Bxd3 6. Qxd3 e6 7. Bg5 {B12: Caro-Kann: Advance Variation} Be7 (7... Qb6 $5 {is interesting.} 8. Nd2 c5 9. Ne2 Nc6 10. c3 Be7) 8. Nf3 Nh6 9. Bxh6 {White has an edge.} ({Relevant:} 9. Nc3 Nf5 10. Ne2 c5 11. dxc5 Qa5+ 12. c3 Qxc5 13. Bxe7 Kxe7 14. Ned4 Nxd4 15. Nxd4 {0-1 (32) Adams,M (2761)-Svidler,P (2741) Shenzhen 2017}) 9... Rxh6 {[%cal Bh8h6,Bh6g6,Bg6g4][%mdl 32]} 10. Nbd2 c5 11. dxc5 Na6 12. O-O $146 ({Predecessor:} 12. Nb3 Rc8 13. O-O-O Nxc5 14. Nxc5 Rxc5 {½-½ (24) Perez Candelario,M (2576)-Peralta,F (2565) La Roda 2017}) 12... Nxc5 13. Qe3 Rg6 14. c4 Rg4 15. Nh2 Rg6 16. Rfd1 d4 17. Qf3 Bxh4 18. Ne4 Be7 19. Nxc5 Bxc5 20. Qxb7 Qc8 (20... Kf8 $5 {looks sharper.} 21. Qe4 a5 22. Nf3 Kg8 23. Ne1 Rg4) 21. Qxc8+ (21. Qf3 $5 {feels hotter.} Rb8 22. b3 Qb7 23. Qxb7 Rxb7 24. Nf3) 21... Rxc8 22. Nf3 Rg4 23. Rac1 f6 24. Ne1 Re4 25. Nd3 a5 26. Re1 (26. exf6 $5 {with more complications.} gxf6 27. Kf1 Rh4 28. f3 Rh1+ 29. Kf2) 26... Rxe1+ 27. Rxe1 $11 {[%mdl 4096] Endgame Strongly threatening exf6. KRB-KRN} Kd7 28. Kf1 ({White should try} 28. Re4 $14) 28... Bb4 29. Rc1 fxe5 30. Nxe5+ Kd6 31. Nf3 e5 32. Ke2 a4 33. Kd3 Rf8 34. Ng5 Kc6 35. Ne4 Be7 36. Rh1 g6 37. f3 Rb8 38. Rb1 Bf8 39. Nf2 Ba3 (39... Rd8 $14) 40. b3 $16 axb3 (40... Kc5 $16 41. Ke4 axb3) 41. axb3 $18 (41. Rxb3 Ra8 $11) 41... Bd6 {[#]} 42. Ke4 $1 (42. Ne4 Ra8 $11) 42... Ra8 {Black wants to play ...Ra2.} 43. Rb2 Bb4 44. Nd3 (44. Kxe5 d3 45. Ke4 d2 $11) 44... Bc3 45. Re2 Rb8 (45... Kc7 {is a better defense.} 46. Kd5 (46. Nxe5 g5 47. g3 Ra1 $16) 46... Rb8 47. Rxe5 Rxb3 48. Re7+ Kd8) 46. Ra2 (46. Nxe5+ $6 Kc7 47. Nxg6 Rxb3 $18) 46... Rxb3 47. Ra6+ (47. Kxe5 g5 $16) (47. Nxe5+ $6 Kb7 48. Nxg6 Rb1) 47... Kc7 48. Rxg6 Ra3 49. c5 (49. Kxe5 Ra1 50. c5 h4) 49... Ba1 $2 (49... Ba5 {was necessary.} 50. Nxe5 Ra2 51. Kxd4 Be1 52. Rg7+ Kd8) 50. Rg5 h4 51. Rg4 (51. Nxe5 Re3+ 52. Kf4 Rc3 53. Rg7+ Kc8 $16) 51... Ra2 52. Kd5 (52. Nxe5 $2 Re2+ 53. Kf4 {[#]} Rxe5 $1 {[%mdl 512]} 54. Rg7+ Kc6 55. Kxe5 (55. Rg6+ $2 Kd5 56. Ra6 Re1 $19) 55... d3+ 56. Ke4 Bxg7 $19) (52. Kxe5 Rd2 $18) (52. Rxh4 Rxg2 53. Rh1 Bc3 54. Nxe5 Rg7 $18) 52... Ra3 53. Rg7+ (53. Rxh4 Rxd3 54. Rh7+ Kb8 $11) (53. Nxe5 d3 54. Rg7+ (54. Rxh4 d2 55. Rh7+ Kc8 56. Rh8+ Kc7 57. Rh7+ Kd8 58. Rd7+ Kc8 $11) 54... Kd8 55. Rg8+ Kc7 56. Rg7+ Kd8 57. Rd7+ (57. Rg8+ Kc7 58. Rg7+ $11) 57... Kc8 $11) 53... Kb8 (53... Kd8 $18 54. Kd6 (54. Nxe5 d3 55. Rg8+ Kc7 56. Rg7+ Kd8 57. Rg8+ Kc7 58. Rg7+ Kd8 $11) 54... Ke8 55. Nxe5 Kf8 56. Rf7+ Kg8) 54. Ke4 (54. Nxe5 d3 55. Rg8+ Kc7 56. Rg7+ Kb8 57. Rg8+ Kc7 58. Rg7+ Kb8 $11) (54. Nb4 $142 Kc8 55. Kd6 Bc3 56. Nc6 Ba5 57. Nxa5 Rxa5 58. c6 Kb8 59. Rg8+ Ka7 60. c7) 54... Rc3 55. Rg6 (55. Nxe5 Re3+ 56. Kf4 Rxe5 57. Kxe5 (57. Rg8+ $2 Kc7 58. Rg7+ Kc6 59. Kxe5 d3+ 60. Ke4 Bxg7 $19) 57... d3+ 58. Ke4 Bxg7 $11) 55... Rc2 56. Nxe5 (56. Kxe5 Rd2 $18) 56... d3 57. Nxd3 ({Don't take} 57. Kxd3 Rc3+ 58. Ke4 Rc1) 57... Rc4+ 58. Kf5 Kc7 59. Rg4 Rc2 60. Ke4 ({Resist} 60. Rxh4 Rxg2 61. Ra4 Bh8 $18) 60... Bf6 $2 (60... Kd7 61. Kd5 Rd2) 61. Nb4 Re2+ 62. Kd3 Re5 63. Kc4 Kd7 64. Rg6 Be7 65. Nd5 Bd8 66. c6+ Kc8 67. Rg8 1-0

[Event "RUS-ch Youth U21 Boys 2017"]
[Site "Loo"]
[Date "2017.04.27"]
[Round "8"]
[White "Khegay, Dmitriy"]
[Black "Zakhartsov, Vladimir"]
[Result "1/2-1/2"]
[WhiteElo "2477"]
[BlackElo "2470"]
[Annotator "TA"]
[PlyCount "223"]
[EventDate "2017.??.??"]
[EventType "tourn"]
[EventCountry "RUS"]
[SourceTitle "playchess.com"]
[Source "ChessBase"]
[SourceQuality "1"]

{[%evp 15,223,-19,-16,-16,26,29,31,29,22,24,13,13,48,35,40,14,64,19,35,25,58,67,59,34,62,53,80,71,100,92,113,105,115,95,107,112,114,118,157,156,152,141,133,113,133,135,197,117,162,165,257,42,37,47,38,53,93,89,102,97,132,82,79,71,79,70,109,112,114,114,108,112,106,87,142,143,131,131,143,96,125,102,177,199,160,169,166,157,117,15,15,15,15,15,15,15,15,14,14,8,14,14,14,14,14,1,1,1,8,0,8,8,8,0,0,0,0,0,0,0,0,0,0,0,0,0,0,0,0,0,0,0,0,0,0,0,8,0,0,0,0,0,0,0,0,0,0,0,0,0,0,0,0,0,0,0,0,0,0,0,0,0,0,0,0,0,0,0,0,0,0,0,0,0,0,0,0,0,0,0,0,0,0,0,0,0,0,0,0,0,0,0,0,0,0,0,0,0,0,0,0,0,0,0,0,0,0,0,0,0]} 1. e4 e5 2. Nf3 Nf6 3. d3 Nc6 4. Be2 d5 5. exd5 Nxd5 6. O-O Be7 7. Re1 O-O {C44: Ponziani Opening and Scotch Gambit} 8. Bf1 Bg4 {LiveBook: 5 Games} (8... Bf6 9. Nbd2 Nde7 10. Ne4 Ng6 11. c3 a5 12. Qa4 Be7 13. b4 b5 14. Qxb5 Bd7 15. Nc5 axb4 16. Nxd7 Qxd7 17. cxb4 Bxb4 {½-½ (98) Ernst,S (2527)-Pruijssers,R (2501) Hoogeveen 2015}) 9. Nbd2 Re8 $146 (9... f5 10. c3 Kh8 11. Qb3 Nb6 12. a4 a5 13. Nxe5 Nxe5 14. Rxe5 Bd6 15. Re1 {0-1 (39) Jacko,V (2355)-Mazur,S (2370) Kosice 2015}) 10. h3 Bh5 11. g4 Bg6 12. Nxe5 Nxe5 13. Rxe5 Qd7 14. Nc4 c6 15. Re1 Bc5 16. Rxe8+ Rxe8 17. d4 $36 {[%mdl 2048] White is pushing.} Bd6 18. Nxd6 Qxd6 19. Bd2 Be4 20. c4 Nc7 21. Be3 f5 22. gxf5 $1 Bxf5 23. Qf3 Qd7 24. Bg2 Be4 25. Qg4 Bf5 26. Qh4 Qf7 27. b3 Qg6 28. Re1 h6 29. Qg3 Qf7 30. Rd1 Be4 (30... Kh7 $16 {was called for.} 31. Bf4 Ne6) 31. Qf4 (31. Bxh6 $18 Bxg2 32. Kxg2 (32. Qxg2 Re6 $16)) 31... Qg6 {[%csl Ge4][%cal Rg6g2]} 32. Qg4 Qh7 (32... Qxg4 $142 33. hxg4 Kf7) 33. Bf4 $2 (33. d5 $18) 33... h5 $1 $14 {[%cal Rh5g4]} 34. Qg3 h4 $1 {[%cal Rh4g3]} 35. Qh2 Qh5 36. Rf1 Bxg2 37. Qxg2 ({Reject} 37. Kxg2 $6 Ne6 38. Be3 Nxd4 39. Bxd4 Qg6+ 40. Kh1 Qd3 $11) 37... Re6 38. Bxc7 Rg6 39. Bg3 $1 {Hoping for Re1.} Qe2 40. d5 cxd5 41. Qxd5+ Kh7 42. Qd1 $1 {[%cal Rd1e2]} Qxa2 43. Qd3 Qa6 44. Kg2 Qa2 ({Black should try} 44... Qc6+ 45. Kh2 hxg3+ 46. fxg3 Qd6) 45. Kh1 $16 hxg3 46. fxg3 {[%mdl 4096] Endgame KQR-KQR} Qa6 47. Kg2 Qd6 48. Rf3 b5 {[#]} (48... a5 $16 49. Qc2 Kg8) 49. Qxd6 $1 $18 Rxd6 {KR-KR} 50. c5 Rc6 {[#]} 51. Rc3 $1 Kg6 52. b4 ({Better is} 52. Kf3 $16) 52... a5 $1 $11 {The position is equal.} 53. bxa5 {And now Ra3 would win.} b4 54. Rc4 b3 55. Rb4 Rxc5 56. a6 Ra5 57. Rb6+ (57. Rxb3 $5 {is interesting.} Rxa6 58. h4 Kh7 59. Kf3 Kh6 60. g4) 57... Kh7 58. Kf3 b2 59. Rxb2 {Rb6 is the strong threat.} Rxa6 60. Kg4 Ra4+ 61. Kg5 Ra5+ 62. Kh4 Kh6 63. Rb6+ g6 {[%cal Bg7g6,Bg6g5][%mdl 32]} 64. g4 Rc5 65. Re6 Ra5 66. Re7 g5+ 67. Kg3 Ra3+ 68. Kg2 Kg6 69. Re6+ Kf7 70. Re5 Kg6 71. Rf5 Rb3 72. Rf2 Ra3 73. Rf3 Ra2+ (73... Ra1 $5 {is more complex.} 74. Rc3 Kh7 75. h4 gxh4 76. Kh3 Rh1+) 74. Kg3 Ra6 75. Rd3 Rf6 76. Rf3 {Strongly threatening Rxf6+.} Ra6 77. Kf2 Ra2+ 78. Ke3 Ra4 79. Kd3 Ra3+ 80. Ke4 Ra4+ (80... Ra1 $5 {looks sharper.} 81. Kd4 Rd1+ 82. Ke4 Ra1) 81. Kd5 Ra5+ 82. Kc6 Ra6+ 83. Kb5 $1 {[%cal Rb5a6]} Ra1 84. Rc3 Rb1+ 85. Kc4 Ra1 86. Kd5 Rd1+ 87. Ke5 Re1+ 88. Kd6 Ra1 89. Re3 Kf6 90. Rf3+ Kg6 91. Rd3 Kf6 92. Kd7 $1 Ra7+ 93. Kc6 Ra6+ 94. Kb5 Ra1 95. Rf3+ Kg6 96. Rc3 Rb1+ 97. Kc6 Rd1 98. Kc5 Rd2 99. Kc4 Rd1 100. Rd3 Rc1+ 101. Kd5 $1 Re1 102. Kd4 Ra1 103. Ke4 Re1+ 104. Re3 Ra1 105. Ke5 Ra8 106. Kd6 Kf6 107. Rf3+ Kg6 108. Rc3 Kf6 109. Rf3+ Kg6 110. Rc3 Kf6 111. Kd7 Ra7+ 112. Kd6 1/2-1/2